Drużyna TOTY w FIFA 13 - Statystyki

Ogólne statystyki
  • Ten quiz został rozwiązany 2 268 razy
  • Średni wynik to 8 z 11
Statystyki odpowiedzi
Hint Odpowiedź % Poprawnych
LW Cristiano Ronaldo
100%
CF Lionel Messi
100%
CB Sergio Ramos
90%
CM Andres Iniesta
84%
CM Xavi Hernandez
80%
LB Marcelo
77%
GK Iker Casillas
71%
CB Gerard Pique
69%
RB Dani Alves
54%
ST Radamel Falcao
24%
CM Xabi Alonso
17%
Nie znaleziono quizów pasujących do podanych kryteriów
Rozkład punktacji
Procent ludzi z każdym wynikiem
Percentyl według liczby udzielonych odpowiedzi
Twoja historia wyników
Nie rozwiązałeś tego quizu